| 000 | 01416cam a2200229 a 4500 | ||
|---|---|---|---|
| 999 |
_c3204 _d3204 |
||
| 020 | _a9780205625765 | ||
| 020 | _a0205625762 | ||
| 050 | 0 | 0 |
_aHV40 _b.F37 |
| 100 | 1 | _aFarley, O. William, | |
| 245 | 1 | 0 |
_aIntroduction to social work / _cO. William Farley, Larry Lorenzo Smith, Scott W. Boyle. |
| 250 | _a11th ed. | ||
| 260 |
_aBoston, MA : _bPearson/Allyn & Bacon, _cc2009. |
||
| 300 |
_axiv, 449 p. : _bill. ; _c25 cm. |
||
| 500 | _aIncludes index. | ||
| 505 | 0 | 0 | _aWhat is social work? -- The evolution of social welfare and social work in the United States -- Education for social work -- Generalist practice and introductory theory -- Social work practice with individuals -- Social work practice with groups -- Social work practice with communities -- Administration and research -- Mental health services -- Social work in health care -- Social work in the schools -- Social security and public welfare -- Family and child welfare services -- Correctional services -- Services for older Americans -- Drug abuse and social work -- Services with minorities -- Social work in rural areas -- Case management -- Social work : a maturing profession -- Social work prevention and enrichment -- Social work and the future. |
| 650 | 0 | _aSocial service. | |
| 650 | 0 | _aSocial case work | |
| 650 | 0 | _aSocial service | |
| 700 | 1 | _aSmith, Larry Lorenzo. | |
| 700 | 1 | _aBoyle, Scott W. | |
| 942 | _cBK | ||